000 00549nam a2200217Ia 4500
003 OSt
005 20230620095259.0
008 210423s1999 xx 000 0 und d
020 _a8122414427
040 _cAL
041 _aeng
082 _a589.9 DALJ
100 _aDALE (Jeremy W).
_992458
245 _aMolecular genetics of bacteria.
260 _aChichester
_bJohn Wiley & Sons
_c1999
300 _axii,310
_bPB
365 _b2565
_cINR
650 _aThallophyta
_992459
906 _abacteria ; genetics ; Molecular
942 _2ddc
_cBK
999 _c162619
_d162619